Network and System Security : 8th International Conference, NSS 2014, Xi’an, China, October 15-17, 2014 : Proceedings /
Ponencias presentadas en la octava Conferencia Internacional sobre Seguridad de Redes y Sistemas, celebrada en Xi'an, China, en octubre de 2014. Los artículos están organizados en secciones temáticas sobre computación en la nube, control de acceso, seguridad de redes, análisis de seguridad, criptogr...
-д хадгалсан:
| Байгууллагын зохиогч: | |
|---|---|
| Бусад зохиолчид: | |
| Формат: | Бага хурлын үйл явц Ном |
| Хэл сонгох: | англи |
| Хэвлэсэн: |
Cham, Suiza :
Springer,
2014, c2014
|
| Цуврал: | (Lecture Notes in Computer Science ;
8792) |
| Нөхцлүүд: | |
| Онлайн хандалт: | Ver documento en línea |
| Шошгууд: |
Шошго байхгүй, Энэхүү баримтыг шошголох эхний хүн болох!
|
MARC
| LEADER | 00000nam^a2200000^a^4500 | ||
|---|---|---|---|
| 001 | 000565275 | ||
| 005 | 20251023000000.0 | ||
| 009 | 20260310132043.595 | ||
| 020 | |a 978-3-319-11698-3 | ||
| 037 | |a Acervo ITESO - Biblioteca | ||
| 041 | |a ING | ||
| 082 | |a Libro en línea | ||
| 111 | |a International Conference on Network and System Security ( |n 8a : |d 2014 : |c Xi'an, China) | ||
| 245 | 1 | 0 | |a Network and System Security : |b 8th International Conference, NSS 2014, Xi’an, China, October 15-17, 2014 : Proceedings / |c Ed. de M.H. Au... [et al.]. |
| 264 | 4 | |a Cham, Suiza : |b Springer, |c 2014, c2014 | |
| 264 | 2 | |a Cham, Suiza : |b Springer Link [distribución], |c 2014 | |
| 300 | |a 1 libro electrónico en línea (XVIII, 576 p.) | ||
| 300 | |a 1 recurso en línea | ||
| 336 | |a datos para computadora |b cod |2 rdacontenido | ||
| 337 | |a computadora |b c |2 rdamedio | ||
| 338 | |a recurso en línea |b cr |2 rdasoporte | ||
| 440 | 1 | |a (Lecture Notes in Computer Science ; |v 8792) | |
| 506 | 0 | |a Licencias ilimitadas | |
| 520 | |a Ponencias presentadas en la octava Conferencia Internacional sobre Seguridad de Redes y Sistemas, celebrada en Xi'an, China, en octubre de 2014. Los artículos están organizados en secciones temáticas sobre computación en la nube, control de acceso, seguridad de redes, análisis de seguridad, criptografía de clave pública, seguridad de sistemas, sistemas biométricos y de preservación de la privacidad, y gestión y distribución de claves. | ||
| 649 | |a XX | ||
| 650 | |a Auditoría Informática | ||
| 650 | |a Protección de Datos | ||
| 650 | |a Control de Acceso (Ingeniería Computacional) | ||
| 650 | |a Criptografía | ||
| 650 | |a Computación en la Nube - |x Seguridad | ||
| 650 | |a Bases de Datos - |x Seguridad | ||
| 650 | |a Computadoras - |x Seguridad | ||
| 650 | |a Internet - |x Seguridad | ||
| 650 | |a Redes de Computadoras - |x Seguridad | ||
| 650 | |a Seguridad Informática - |x Congresos - |x Tema Principal | ||
| 650 | |a Ingeniería Computacional | ||
| 700 | |a Au, Man Ho |e (edición) | ||
| 856 | 4 | 0 | |u https://link-springer-com.ezproxy.iteso.mx/10.1007/978-3-319-11698-3 |y Ver documento en línea |
| 910 | |a Fondo General | ||
| 920 | |a Electrónicos - Libros en Línea | ||
| 930 | |a Plataforma Digital | ||
| 905 | |a 205 | ||
| 901 | |a 565275-1 |b IT2 |c EBO |i C |u 20250521 | ||
| 902 | |a https://opac.biblio.iteso.mx/vufind/Record/000565275 | ||